[Event "Qatar Masters Open 2023"]
[Site "Doha QAT"]
[Date "2023.10.11"]
[Round "1.4"]
[White "Nubairshah Shaikh Mohammad"]
[Black "Dommaraju Gukesh"]
[Result "1/2-1/2"]
[EventDate "2022.10.11"]
[WhiteElo "2432"]
[BlackElo "2758"]
[PlyCount "132"]

1. Nf3 d5 2. d4 Nf6 3. g3 b5 4. a4 b4 5. c4 bxc3 6. Nxc3 e6 7. Bg2 Nbd7 8. O-O Ba6 9. Bf4 c6 10. Qc2 Rc8 11. Rfd1 Bb4 12. Ne5 Nxe5 13. Bxe5 O-O 14. e4 Nh5 15. Na2 Be7 16. Bf3 Nf6 17. Nc3 Nd7 18. Bf4 Qb6 19. Rab1 Rfd8 20. b4 Bc4 21. a5 Qa6 22. h4 Nf6 23. e5 Nd7 24. Bg5 Re8 25. Bxe7 Rxe7 26. Qd2 Rf8 27. Re1 Qb7 28. Nd1 Qc7 29. Bg4 Bb5 30. Rc1 Qd8 31. Bh3 Qe8 32. Nc3 Ba6 33. Re3 Nb8 34. Na4 Bb5 35. Nc3 Rb7 36. Nxb5 Rxb5 37. Bf1 Rb7 38. Rb3 g6 39. h5 Qe7 40. Kg2 f6 41. hxg6 hxg6 42. Bd3 fxe5 43. dxe5 Nd7 44. f4 c5 45. Bxg6 c4 46. Rbb1 Rfb8 47. Rh1 Nf8 48. f5 exf5 49. Qxd5+ Qe6 50. Qxe6+ Nxe6 51. Bxf5 Nd4 52. Be4 Rxb4 53. Bd5+ Kg7 54. Rxb4 Rxb4 55. Rc1 Rb5 56. Bxc4 Rxe5 57. Rd1 Nf5 58. Rd7+ Kf6 59. Ba6 Rxa5 60. Rxa7 Ne3+ 61. Kf2 Nd5 62. Rh7 Ra2+ 63. Ke1 Ra1+ 64. Kf2 Ra2+ 65. Ke1 Ra1+ 66. Kf2 Ra2+ 1/2-1/2

[Event "19th Asian Games Men's Team Championship"]
[Site "Hangzhou CHN"]
[Date "2023.10.06"]
[Round "08"]
[White "Jun Hyeok Lee"]
[Black "Dommaraju Gukesh"]
[Result "0-1"]
[EventDate "2023.09.29"]
[WhiteElo "2362"]
[BlackElo "2758"]
[PlyCount "136"]

1. e4 c5 2. Nf3 Nc6 3. d4 cxd4 4. Nxd4 e6 5. Nc3 Qc7 6. Be3 a6 7. Nxc6 bxc6 8. Qf3 Nf6 9. Qg3 Qxg3 10. hxg3 Rb8 11. b3 Bb4 12. Bd2 d5 13. Bd3 e5 14. f3 a5 15. O-O-O d4 16. Na4 Be6 17. Bxb4 axb4 18. Nc5 Ke7 19. Be2 Kd6 20. Nxe6 fxe6 21. Kb2 Ra8 22. Ra1 h5 23. a4 bxa3+ 24. Rxa3 Rxa3 25. Kxa3 g5 26. Kb2 h4 27. g4 Ra8 28. Ra1 Rxa1 29. Kxa1 Kc5 30. Bc4 Nd7 31. Kb2 Nf8 32. c3 Kb6 33. Bf1 c5 34. b4 Ng6 35. b5 dxc3+ 36. Kxc3 Ne7 37. Kb3 Nc8 38. Be2 Nd6 39. Ka4 Nb7 40. Bc4 Nd6 41. Be2 c4 42. Kb4 Nxb5 43. Kxc4 Nd4 44. Bd1 Ka5 45. Kc5 Nb5 46. Bb3 Nd4 47. Bd1 Nb5 48. Bb3 Nc3 49. Bxe6 Nd1 50. Bc4 Ne3 51. Be2 Nxg2 52. Bf1 h3 53. Kd6 Kb4 54. Kxe5 Kc3 55. Kf6 Kd2 56. e5 Ke1 57. e6 Kxf1 58. e7 h2 59. e8=Q h1=Q 60. Qb5+ Kf2 61. Qb2+ Kg3 62. Kxg5 Qh4+ 63. Kg6 Qe7 64. g5 Nh4+ 65. Kh6 Qf7 66. Qe5+ Kh3 67. Qf6 Nf5+ 68. Qxf5+ Qxf5 0-1

[Event "19th Asian Games Men's Team Championship"]
[Site "Hangzhou CHN"]
[Date "2023.10.05"]
[Round "07"]
[White "Dommaraju Gukesh"]
[Black "Quang Liem Le"]
[Result "1/2-1/2"]
[EventDate "2023.09.29"]
[WhiteElo "2758"]
[BlackElo "2733"]
[PlyCount "86"]

1. d4 Nf6 2. c4 e6 3. Nc3 d5 4. cxd5 exd5 5. Bg5 Be7 6. e3 c6 7. Bd3 Nbd7 8. Qc2 Nh5 9. Bxe7 Qxe7 10. O-O-O Nb6 11. Nf3 Bg4 12. h3 Bxf3 13. gxf3 g6 14. h4 O-O-O 15. Kb1 Kb8 16. Qb3 Nf6 17. a4 Qe6 18. a5 Nc4 19. a6 b6 20. Na2 Rc8 21. Bxc4 dxc4 22. Qc3 Rhd8 23. e4 Rd7 24. Rc1 b5 25. Nb4 Rcd8 26. Rhd1 c5 27. d5 cxb4 28. dxe6 bxc3 29. exd7 cxb2 30. Kxb2 Rxd7 31. Rxd7 Nxd7 32. Rd1 Kc7 33. Kc3 Nc5 34. Rd5 Kc6 35. Rd8 Nxa6 36. Rf8 Nc5 37. Rxf7 a5 38. Rxh7 Nd3 39. Rg7 Kc5 40. Rc7+ Kb6 41. Rg7 Kc5 42. Rc7+ Kb6 43. Rg7 1/2-1/2

[Event "19th Asian Games Men's Team Championship"]
[Site "Hangzhou CHN"]
[Date "2023.10.04"]
[Round "06"]
[White "Dommaraju Gukesh"]
[Black "Wei Yi"]
[Result "1/2-1/2"]
[EventDate "2023.09.29"]
[WhiteElo "2758"]
[BlackElo "2726"]
[PlyCount "150"]

1. e4 e5 2. Nf3 Nc6 3. Bb5 Nf6 4. d3 Bc5 5. Bg5 h6 6. Bh4 Ne7 7. d4 exd4 8. Bxf6 gxf6 9. O-O c6 10. Bc4 Rg8 11. Kh1 b5 12. Be2 Qb6 13. Nbd2 d6 14. Nb3 f5 15. exf5 Bxf5 16. Nfxd4 Be4 17. Bf3 Bxf3 18. Nxf3 O-O-O 19. a4 b4 20. c3 Nd5 21. Qc2 Kb8 22. a5 Qc7 23. cxb4 Nxb4 24. Qc4 Qd7 25. Rac1 Qg4 26. Qxg4 Rxg4 27. Nxc5 dxc5 28. Rxc5 Rf4 29. Rc3 Rd5 30. Ra1 Kc7 31. g3 Re4 32. Kg1 c5 33. Nh4 Kd6 34. Ng2 Rd2 35. Ne3 Kc6 36. b3 Nd5 37. Rc4 Rdd4 38. Nxd5 Kxd5 39. Rc3 Kd6 40. a6 Re5 41. Kf1 Rd2 42. Rf3 f5 43. Ra4 Rd4 44. Rf4 Rxa4 45. Rxa4 Re6 46. b4 cxb4 47. Rxb4 Ke5 48. Ra4 Kf6 49. Ra2 Kg6 50. Kg2 Rb6 51. Kf3 Re6 52. Ra4 Kg5 53. Ra5 Kf6 54. Ra4 Kg5 55. h3 h5 56. h4+ Kg6 57. Kf4 Kf6 58. Kf3 Kg6 59. Rc4 Rxa6 60. Rc8 Ra3+ 61. Kf4 Ra4+ 62. Ke3 Ra3+ 63. Kf4 Ra4+ 64. Ke5 Re4+ 65. Kd5 Re2 66. Rc6+ Kg7 67. f4 Re3 68. Ra6 Rxg3 69. Rxa7+ Kf6 70. Ra6+ Kg7 71. Ke5 Rg4 72. Kxf5 Rxh4 73. Ra7+ Kh6 74. Ke5 Rh1 75. Ra6+ 1/2-1/2

[Event "19th Asian Games Men's Team Championship"]
[Site "Hangzhou CHN"]
[Date "2023.10.03"]
[Round "05"]
[White "Parham Maghsoodloo"]
[Black "Dommaraju Gukesh"]
[Result "1-0"]
[EventDate "2023.09.29"]
[WhiteElo "2707"]
[BlackElo "2758"]
[PlyCount "128"]

1. d4 Nf6 2. c4 e6 3. Nf3 d5 4. Nc3 c6 5. e3 Nbd7 6. Bd3 dxc4 7. Bxc4 b5 8. Bd3 a6 9. e4 c5 10. e5 cxd4 11. Nxb5 axb5 12. exf6 Bb4+ 13. Bd2 Bxd2+ 14. Qxd2 Qxf6 15. Bxb5 e5 16. O-O O-O 17. Rfe1 Rd8 18. Qe2 Ba6 19. Bxa6 Qxa6 20. Qxa6 Rxa6 21. Nxe5 Nxe5 22. Rxe5 d3 23. Kf1 g6 24. Ree1 Rc8 25. Rec1 Re8 26. b4 Ra3 27. Rcb1 Rb8 28. b5 Kf8 29. Ke1 Ke7 30. Kd2 Kd6 31. Rb2 h5 32. h4 Re8 33. Re1 Rea8 34. Re3 Rxa2 35. Rxd3+ Kc5 36. Rc3+ Kd6 37. Rxa2 Rxa2+ 38. Rc2 Ra4 39. Rb2 Kc7 40. g3 Kb6 41. Ke3 Rc4 42. Kf3 Rd4 43. Ke3 Rc4 44. Kd3 Ra4 45. Kc3 Re4 46. Rb4 Re2 47. Rf4 f5 48. Kc4 Rc2+ 49. Kd5 Re2 50. Kc4 Rc2+ 51. Kd3 Rb2 52. Ke3 Rb3+ 53. Kd4 Rxb5 54. Rf3 Kc7 55. Ra3 Rb6 56. Ke5 Kd7 57. Kf4 Rb2 58. f3 Rb6 59. Kg5 Ke7 60. f4 Kf8 61. Kh6 Rc6 62. Ra8+ Kf7 63. Ra7+ Ke6 64. Rg7 1-0

[Event "19th Asian Games Men's Team Championship"]
[Site "Hangzhou CHN"]
[Date "2023.10.02"]
[Round "04"]
[White "Eldiyar Orozbaev"]
[Black "Dommaraju Gukesh"]
[Result "0-1"]
[EventDate "2023.09.29"]
[WhiteElo "2286"]
[BlackElo "2758"]
[PlyCount "78"]

1. e4 g6 2. d4 Bg7 3. Nc3 d6 4. Be3 c6 5. Qd2 b5 6. g3 Nf6 7. Bg2 Ng4 8. Bf4 e5 9. dxe5 Nxe5 10. Bxe5 dxe5 11. Qxd8+ Kxd8 12. Bh3 Na6 13. Bxc8 Rxc8 14. Nf3 Ke7 15. Nd2 Rhd8 16. Ke2 Nc5 17. Nb3 Ne6 18. a4 b4 19. Na2 c5 20. c3 bxc3 21. bxc3 Rb8 22. Rhb1 Bh6 23. Kf1 Rd7 24. Na5 Rxb1+ 25. Rxb1 Ng5 26. Rb7 Rxb7 27. Nxb7 Nxe4 28. Ke2 Kd7 29. f3 Kc7 30. fxe4 Kxb7 31. Kd3 Kb6 32. Kc4 f5 33. Kd5 fxe4 34. Kxe4 Ka5 35. Kxe5 Kxa4 36. Kd5 Kb3 37. Kxc5 Be3+ 38. Kb5 Kxa2 39. c4 Kb3 0-1

[Event "19th Asian Games Men's Team Championship"]
[Site "Hangzhou CHN"]
[Date "2023.10.01"]
[Round "03"]
[White "Dommaraju Gukesh"]
[Black "Rinat Jumabayev"]
[Result "1-0"]
[EventDate "2023.09.29"]
[WhiteElo "2758"]
[BlackElo "2585"]
[PlyCount "140"]

1. d4 Nf6 2. c4 g6 3. Nc3 Bg7 4. e4 d6 5. Nf3 O-O 6. Be2 e5 7. O-O Re8 8. d5 a5 9. Be3 Nbd7 10. Nd2 Kh8 11. a3 Ng8 12. b4 f5 13. f3 Bh6 14. Bxh6 Nxh6 15. Nb3 a4 16. Nc1 Nf6 17. c5 f4 18. Nd3 g5 19. g4 Nf7 20. Kf2 h5 21. h3 Kg7 22. Ke1 Rh8 23. Kd2 Bd7 24. Kc1 hxg4 25. hxg4 Rh2 26. Ra2 Qh8 27. Rc2 Qh3 28. Kb2 Nh8 29. Rf2 Rh1 30. Rf1 Rh2 31. Nf2 Qg3 32. Bb5 Be8 33. Rg1 Qh4 34. Nd3 Ng6 35. Bxe8 Nxe8 36. Nb5 Rd8 37. cxd6 cxd6 38. Kb1 Rxc2 39. Qxc2 Kf7 40. Qd1 Nf6 41. Nb2 Ke7 42. Nc4 Qf2 43. Rf1 Qg2 44. Rg1 Qf2 45. Qf1 Qxf1+ 46. Rxf1 Nh4 47. Kc2 Ng6 48. Kd3 Ne8 49. Nb6 Nf8 50. Rc1 Rb8 51. Rc2 Ng6 52. Rc8 Rxc8 53. Nxc8+ Kd7 54. Nb6+ Kd8 55. Nxa4 Nh4 56. Ke2 Ng2 57. Nb6 Ne3 58. Kd3 Ng2 59. Kd2 Ne3 60. Kd3 Ng2 61. Nc4 Kd7 62. Ke2 Nh4 63. a4 Ng6 64. a5 Ne7 65. Nc3 Nc7 66. b5 Ng6 67. b6 Ne8 68. Nb5 Nh4 69. a6 bxa6 70. Nc7 1-0

[Event "19th Asian Games Men's Team Championship"]
[Site "Hangzhou CHN"]
[Date "2023.09.30"]
[Round "2"]
[White "Nodirbek Abdusattorov"]
[Black "Dommaraju Gukesh"]
[Result "1/2-1/2"]
[EventDate "2023.09.29"]
[WhiteElo "2716"]
[BlackElo "2758"]
[PlyCount "158"]

1. d4 Nf6 2. c4 e6 3. Nf3 d5 4. Nc3 Bb4 5. Bg5 h6 6. Bxf6 Qxf6 7. e3 c5 8. Rc1 dxc4 9. Bxc4 cxd4 10. Qa4+ Bd7 11. Qxb4 dxc3 12. b3 b6 13. Qxc3 Qxc3+ 14. Rxc3 Ke7 15. Ke2 Rc8 16. Rhc1 Be8 17. e4 Nd7 18. Ke3 a5 19. Be2 Rc5 20. Rxc5 Nxc5 21. Nd2 f6 22. f4 Rc8 23. h4 Bd7 24. e5 fxe5 25. fxe5 Rc7 26. Rc4 b5 27. Rc1 Na6 28. Rxc7 Nxc7 29. a3 Nd5+ 30. Kd4 Kd8 31. Ne4 b4 32. a4 Ne7 33. Kc5 Kc7 34. Nd6 Ng6 35. Nb5+ Bxb5 36. axb5 Nxe5 37. b6+ Kb7 38. Kb5 Kb8 39. Kxa5 Nc6+ 40. Ka4 Nd4 41. Bf3 g6 42. Kxb4 Nf5 43. h5 gxh5 44. Bxh5 Nh4 45. g4 Nf3 46. Bf7 e5 47. Bd5 Nh2 48. Be6 Kb7 49. Kc5 e4 50. Kd4 Kxb6 51. Kxe4 Kc5 52. Kf4 Nf1 53. Bc4 Nd2 54. Bg8 Kb4 55. Be6 Kc3 56. Kf5 Nf3 57. Bd5 Nh2 58. Kf4 Nf1 59. Bc4 Nd2 60. Ke3 Nb1 61. Be6 Kb4 62. Kf4 Nd2 63. Bd5 Nf1 64. Bc4 Nd2 65. Ke3 Nb1 66. Kd3 Nc3 67. Kd4 Nd1 68. Ke4 Nf2+ 69. Kf3 Nh3 70. Bd5 Kc5 71. Kg3 Ng5 72. Bf3 Kb4 73. Bd1 Ne4+ 74. Kf4 Nf6 75. Kf5 Nd5 76. Ke4 Nc3+ 77. Kf5 Nxd1 78. Kg6 Nf2 79. Kxh6 1/2-1/2

[Event "19th Asian Games Men's Team Championship"]
[Site "Hangzhou CHN"]
[Date "2023.09.29"]
[Round "1"]
[White "Dommaraju Gukesh"]
[Black "Sumiya Bilguun"]
[Result "1/2-1/2"]
[EventDate "2023.09.29"]
[WhiteElo "2758"]
[BlackElo "2456"]
[PlyCount "116"]

1. e4 c5 2. Nf3 d6 3. d4 cxd4 4. Nxd4 Nf6 5. Nc3 a6 6. g3 g6 7. Bg2 Bg7 8. O-O O-O 9. h3 Bd7 10. Be3 Nc6 11. Nde2 Rc8 12. Nd5 Ne5 13. b3 Bc6 14. Nd4 Ned7 15. c4 Nc5 16. Nxf6+ Bxf6 17. Qc2 Bd7 18. Qd2 b5 19. cxb5 axb5 20. Rac1 Ne6 21. Ne2 Bg7 22. Nc3 Nc5 23. Nd5 Be6 24. b4 Bxd5 25. exd5 Nd7 26. Qe2 Ra8 27. Qxb5 Rxa2 28. Qb7 Rb2 29. Rb1 Qc8 30. Qa7 Rc2 31. Rbc1 Ne5 32. Rxc2 Qxc2 33. Qxe7 Nc4 34. Bf4 Qb2 35. Qb7 Bd4 36. Qb5 Ne5 37. Bh6 Rd8 38. Bg5 Rc8 39. Qa6 Re8 40. Qb5 Rc8 41. Be7 Nc4 42. Qb7 Re8 43. b5 Nd2 44. Rd1 Nf3+ 45. Kh1 Qxf2 46. Rf1 Qxg3 47. Bxd6 Qxd6 48. Rxf3 Re1+ 49. Bf1 f5 50. Qc6 Qe7 51. Qc4 Qe4 52. Kg2 Re3 53. Qc8+ Kg7 54. Qc7+ Kg8 55. Qb8+ Kg7 56. Qc7+ Kg8 57. Qb8+ Kg7 58. Qc7+ 1/2-1/2

[Event "Superbet Blitz Croatia"]
[Site "Zagreb CRO"]
[Date "2023.07.09"]
[Round "10.2"]
[White "Richard Rapport"]
[Black "Dommaraju Gukesh"]
[Result "0-1"]
[EventDate "2023.07.08"]
[WhiteElo "2752"]
[BlackElo "2744"]
[PlyCount "204"]

1. Nf3 d5 2. g3 g6 3. Bg2 Bg7 4. O-O e5 5. d3 Nc6 6. Nc3 Nge7 7. e4 d4 8. Ne2 O-O 9. c3 a5 10. cxd4 Nxd4 11. Nexd4 exd4 12. Bf4 c5 13. a4 b6 14. Nd2 Be6 15. b3 Nc6 16. Nc4 Nb4 17. h4 h5 18. Kh2 Ra7 19. Bh3 Bxh3 20. Kxh3 f5 21. e5 Re8 22. Re1 Re6 23. Qe2 Qd5 24. Rad1 Qc6 25. Bd2 Nd5 26. Qf3 Rae7 27. Bf4 Nb4 28. Qxc6 Rxc6 29. Re2 Kf7 30. Bg5 Rd7 31. Kg2 Ke6 32. Bc1 Nd5 33. Bd2 Re7 34. Rde1 Nc7 35. Nd6 Kd5 36. Nc4 Rce6 37. Bg5 Rd7 38. Bf6 Bf8 39. Nd2 Bh6 40. Nf3 Kc6 41. Bg5 Bg7 42. Bd2 Rde7 43. Bf4 Re8 44. Rc1 Kb7 45. Rce1 Nd5 46. Bd2 Bf8 47. Ng5 R6e7 48. Nf3 Nc7 49. Bg5 Re6 50. Bf4 Rc6 51. Bd2 Ne6 52. Rc1 Be7 53. Ng1 Ka6 54. Nf3 Rb8 55. Ra1 Kb7 56. Be1 Ra8 57. Rc2 Bd8 58. Bd2 b5 59. axb5 Rb6 60. Rxa5 Rxa5 61. Bxa5 Rxb5 62. Bxd8 Nxd8 63. Nd2 Ne6 64. Nc4 Kc6 65. Ra2 Kc7 66. Ra7+ Rb7 67. Rxb7+ Kxb7 68. f4 Kc6 69. Nd6 Kb6 70. Nf7 Kb5 71. Ng5 Nc7 72. Kf3 Kb4 73. e6 Nd5 74. Nf7 Kxb3 75. Ne5 Ne7 76. Ke2 Kc3 77. Nc4 Nd5 78. Nb6 Ne7 79. Nc4 Kc2 80. Nd6 Kc3 81. Nb5+ Kb4 82. Nd6 Kc3 83. Nc4 Nd5 84. Na5 Ne7 85. Nb7 c4 86. dxc4 Kxc4 87. Nd8 Kc3 88. Kd1 Kd3 89. Nf7 Ke3 90. Kc2 Kf3 91. Kd3 Kxg3 92. Kxd4 Kxf4 93. Ne5 g5 94. Nd3+ Kg4 95. Ke5 gxh4 96. Kf6 Nd5+ 97. Ke5 Ne7 98. Kd6 Ng8 99. Ne5+ Kg3 100. Ng6 h3 101. Ne7 Nxe7 102. Kxe7 h2 0-1

[Event "Superbet Blitz Croatia"]
[Site "Zagreb CRO"]
[Date "2023.07.09"]
[Round "11.4"]
[White "Dommaraju Gukesh"]
[Black "Fabiano Caruana"]
[Result "1-0"]
[EventDate "2023.07.08"]
[WhiteElo "2744"]
[BlackElo "2782"]
[PlyCount "82"]

1. d4 Nf6 2. Nf3 e6 3. Bf4 c5 4. e3 Nc6 5. Nbd2 h6 6. c3 Nh5 7. Bg3 Nxg3 8. hxg3 d5 9. Bd3 Bd6 10. Qe2 Qe7 11. dxc5 Bxc5 12. e4 d4 13. e5 dxc3 14. bxc3 Qc7 15. Rh4 b6 16. Rg4 Kf8 17. Rc4 Bb7 18. Nb3 Be7 19. Rd1 b5 20. Rf4 g5 21. Re4 a6 22. Kf1 Kg7 23. Re3 Rad8 24. Nfd4 b4 25. Be4 Nxd4 26. cxd4 Bxe4 27. Rxe4 a5 28. d5 Rxd5 29. Rxd5 exd5 30. Re3 a4 31. Nd4 Qc1+ 32. Qe1 Qc4+ 33. Ne2 Qxa2 34. e6 f6 35. Kg1 Qc4 36. Qd1 b3 37. Nd4 Rc8 38. Nf5+ Kh7 39. Qh5 Bf8 40. e7 Bg7 41. Qf7 1-0

[Event "Superbet Blitz Croatia"]
[Site "Zagreb CRO"]
[Date "2023.07.09"]
[Round "13.2"]
[White "Viswanathan Anand"]
[Black "Dommaraju Gukesh"]
[Result "0-1"]
[EventDate "2023.07.08"]
[WhiteElo "2754"]
[BlackElo "2744"]
[PlyCount "68"]

1. e4 c6 2. d4 d5 3. Nc3 dxe4 4. Nxe4 Nf6 5. Nxf6+ exf6 6. Nf3 Bd6 7. Bd3 O-O 8. O-O Re8 9. Re1 Be6 10. c3 Nd7 11. Nd2 Nf8 12. Ne4 Be7 13. Ng3 g6 14. Bf4 f5 15. Nf1 Bf6 16. Nd2 Bd5 17. Rxe8 Qxe8 18. Nf1 Ne6 19. Bd2 Rd8 20. Ne3 Be4 21. Bxe4 fxe4 22. Qc2 c5 23. d5 Nf4 24. Ng4 Nxd5 25. c4 h5 26. Nxf6+ Nxf6 27. Re1 Qe6 28. b3 Qf5 29. Bc3 Rd3 30. f3 Qf4 31. fxe4 Ng4 32. g3 Qf3 33. Ba1 Ne3 34. Qe2 Qxe2 0-1

[Event "Superbet Blitz Croatia"]
[Site "Zagreb CRO"]
[Date "2023.07.09"]
[Round "14.1"]
[White "Dommaraju Gukesh"]
[Black "Alireza Firouzja"]
[Result "0-1"]
[EventDate "2023.07.08"]
[WhiteElo "2744"]
[BlackElo "2777"]
[PlyCount "140"]

1. e4 c5 2. Nf3 e6 3. d4 cxd4 4. Nxd4 Nc6 5. Nb5 d6 6. c4 Nf6 7. N5c3 Be7 8. g3 h5 9. h3 h4 10. g4 Nd7 11. Be3 g5 12. Nd2 Nde5 13. Be2 Bd7 14. Nb3 Na5 15. Nxa5 Qxa5 16. Qd2 Rc8 17. b3 a6 18. Rc1 Ng6 19. O-O Bc6 20. b4 Qxb4 21. Rb1 Qa5 22. Bb6 Qe5 23. Bd4 Qf4 24. Qxf4 gxf4 25. Bxh8 Nxh8 26. Rfd1 Ng6 27. Rb3 Ne5 28. f3 Nd7 29. Kf2 Nc5 30. Rbb1 Bf6 31. Rbc1 Ke7 32. Rd2 Bxc3 33. Rxc3 Bxe4 34. Rd4 Bb1 35. a3 e5 36. Rd1 Be4 37. Ke1 Bc6 38. Rb1 Ne6 39. Bd1 Ng5 40. Rb2 Rh8 41. Rh2 Kd7 42. Rb3 Kc7 43. Rc3 Kb6 44. Be2 Kc5 45. Bd1 Kd4 46. Rb3 a5 47. Be2 Kc5 48. Bd1 Kxc4 49. Rhb2 d5 50. Be2+ Kc5 51. Bf1 d4 52. Kf2 a4 53. Rc2+ Kd6 54. Rb6 Ne6 55. Rb4 Ra8 56. Bb5 Nc5 57. Bc4 f6 58. Ke2 b5 59. Bd3 Ra5 60. Rc1 Nxd3 61. Kxd3 Bxf3 62. Rb2 Bd5 63. Rc8 f3 64. Rh8 Ra7 65. Rxh4 Rc7 66. Rh6 Rc3+ 67. Kd2 e4 68. Rxf6+ Kc5 69. Rc2 e3+ 70. Kc1 e2 0-1

[Event "Superbet Blitz Croatia"]
[Site "Zagreb CRO"]
[Date "2023.07.09"]
[Round "15.3"]
[White "Constantin Lupulescu"]
[Black "Dommaraju Gukesh"]
[Result "0-1"]
[EventDate "2023.07.08"]
[WhiteElo "2584"]
[BlackElo "2744"]
[PlyCount "126"]

1. d4 Nf6 2. c4 e6 3. Nc3 Bb4 4. Qc2 d5 5. cxd5 exd5 6. Bf4 O-O 7. e3 c5 8. dxc5 Nc6 9. Nf3 Re8 10. Be2 Bg4 11. O-O Qa5 12. Na4 Qd8 13. a3 Ba5 14. Rad1 h6 15. b4 Bc7 16. Bxc7 Qxc7 17. Nc3 Rad8 18. h3 Bh5 19. Nb5 Qd7 20. Nfd4 Bg6 21. Bd3 Ne4 22. Nxc6 bxc6 23. Nd4 Re5 24. f4 Re7 25. f5 Bh7 26. Bxe4 Rxe4 27. Rf3 Qe8 28. Qd2 f6 29. a4 a6 30. Re1 Rb8 31. Rb1 Kh8 32. Qd3 Bg8 33. Kf2 Ra8 34. Rb2 Bf7 35. b5 axb5 36. axb5 cxb5 37. Qxb5 Qe5 38. Qb7 Rf8 39. Rd2 Bh5 40. Rg3 Rf7 41. Qc8+ Kh7 42. Qe6 Qc7 43. Qxd5 Re5 44. Qd6 Qa5 45. Rc2 Qa4 46. c6 Rxf5+ 47. Kg1 Qa1+ 48. Kh2 Rf1 49. Rf3 Bxf3 50. Nxf3 Rh1+ 51. Kg3 Rd1 52. Qe6 Qa7 53. Qe4+ f5 54. Qe5 Rd8 55. Nd4 f4+ 56. Kh2 fxe3 57. c7 Rc8 58. Ne6 Qa4 59. Rc3 e2 60. Qxe2 Qe8 61. Qe4+ Kh8 62. Re3 Re7 63. Qe5 Rcxc7 0-1

[Event "Superbet Blitz Croatia"]
[Site "Zagreb CRO"]
[Date "2023.07.09"]
[Round "16.1"]
[White "Dommaraju Gukesh"]
[Black "Jan-Krzysztof Duda"]
[Result "1-0"]
[EventDate "2023.07.08"]
[WhiteElo "2744"]
[BlackElo "2732"]
[PlyCount "126"]

1. d4 Nf6 2. c4 e6 3. g3 c5 4. d5 exd5 5. cxd5 d6 6. Bg2 g6 7. Nf3 Bg7 8. Nc3 O-O 9. O-O Re8 10. Bf4 Na6 11. Nb5 Bf8 12. Nc3 Nc7 13. a4 Bg7 14. Nd2 Nh5 15. Be3 Rxe3 16. fxe3 Nf6 17. Nc4 Ng4 18. Ne4 Ne8 19. Qd2 b6 20. Rac1 Qe7 21. b4 Ba6 22. b5 Bc8 23. a5 Rb8 24. axb6 axb6 25. Nf2 Ne5 26. Nxe5 Bxe5 27. Nd3 Bg7 28. e4 Bd7 29. Rb1 Nc7 30. e5 Bxe5 31. Nxe5 Qxe5 32. Qb2 Nxb5 33. Qxe5 dxe5 34. Rfc1 Rb7 35. e3 Nd6 36. Bf1 Bf5 37. Rb2 c4 38. Rxc4 Nxc4 39. Bxc4 Kf8 40. d6 Rb8 41. Bd5 Ke8 42. e4 Be6 43. Bc6+ Bd7 44. Bd5 b5 45. Kf2 Rb6 46. Rd2 Rxd6 47. Bxf7+ Ke7 48. Bd5 Rf6+ 49. Ke3 Bg4 50. Rg2 Rf3+ 51. Kd2 b4 52. Kc2 Rc3+ 53. Kb1 Kd6 54. Rf2 Kc5 55. Rf7 h5 56. Rg7 Bf3 57. Rxg6 Kd4 58. Rb6 b3 59. Bxb3 Bxe4+ 60. Kb2 Rf3 61. Rd6+ Ke3 62. Re6 Kd4 63. Rd6+ Kc5 1-0

[Event "Superbet Blitz Croatia"]
[Site "Zagreb CRO"]
[Date "2023.07.09"]
[Round "17.3"]
[White "Ivan Saric"]
[Black "Dommaraju Gukesh"]
[Result "0-1"]
[EventDate "2023.07.08"]
[WhiteElo "2657"]
[BlackElo "2744"]
[PlyCount "68"]

1. e4 c6 2. Nc3 d5 3. Nf3 Bg4 4. h3 Bxf3 5. Qxf3 e6 6. Be2 d4 7. Nb1 Ne7 8. d3 Ng6 9. g3 h5 10. h4 a5 11. a4 Nd7 12. Qg2 Bb4+ 13. c3 Bc5 14. O-O Nde5 15. Rd1 Ng4 16. Bxg4 hxg4 17. cxd4 Bxd4 18. Nc3 Ne5 19. Ne2 Nf3+ 20. Kf1 Bf6 21. d4 Qb6 22. e5 Be7 23. Be3 Qa6 24. Rac1 g5 25. b3 O-O-O 26. Rc4 Nxe5 27. Rdc1 Nxc4 28. bxc4 gxh4 29. gxh4 Rxh4 30. Kg1 Rdh8 31. Ng3 Bd6 32. Ne4 Bc7 33. d5 exd5 34. cxd5 Qe2 0-1

[Event "Superbet Blitz Croatia"]
[Site "Zagreb CRO"]
[Date "2023.07.09"]
[Round "18.5"]
[White "Dommaraju Gukesh"]
[Black "Ian Nepomniachtchi"]
[Result "1/2-1/2"]
[EventDate "2023.07.08"]
[WhiteElo "2744"]
[BlackElo "2779"]
[PlyCount "94"]

1. d4 Nf6 2. Nf3 g6 3. g3 Bg7 4. Bg2 O-O 5. c4 c6 6. O-O d5 7. cxd5 cxd5 8. Nc3 Ne4 9. Ne5 Nxc3 10. bxc3 Nc6 11. Nxc6 bxc6 12. Qa4 Qb6 13. Ba3 Qa6 14. Qxa6 Bxa6 15. Bxe7 Rfe8 16. Bb4 Bxe2 17. Rfe1 a5 18. Bc5 Bf8 19. Bxf8 Kxf8 20. Bf1 Bxf1 21. Kxf1 Rab8 22. Reb1 Ke7 23. Ke2 Kd6+ 24. Kd3 h5 25. h4 f6 26. Rb3 Rb5 27. Rab1 Reb8 28. c4 Rxb3+ 29. Rxb3 Rxb3+ 30. axb3 c5 31. f3 g5 32. Kc3 Kc6 33. Kd3 dxc4+ 34. Kxc4 cxd4 35. Kxd4 gxh4 36. gxh4 Kb5 37. Kc3 Kc5 38. Kd3 Kd5 39. f4 Kc5 40. Kc3 f5 41. Kd3 Kd5 42. Ke3 Kc5 43. Kd3 Kb4 44. Kc2 Kb5 45. Kc3 Kc5 46. Kd3 Kd5 47. Ke3 Kc5 1/2-1/2

[Event "SuperUnited Blitz Croatia"]
[Site "Zagreb CRO"]
[Date "2023.07.08"]
[Round "5.1"]
[White "Alireza Firouzja"]
[Black "Dommaraju Gukesh"]
[Result "1-0"]
[EventDate "2023.07.08"]
[WhiteElo "2777"]
[BlackElo "2744"]
[PlyCount "94"]

1. c4 c5 2. Nf3 Nf6 3. Nc3 Nc6 4. e3 e5 5. Qb3 d6 6. d3 g6 7. g3 Bg7 8. Bg2 O-O 9. O-O Rb8 10. Ng5 Bd7 11. Qc2 a6 12. b3 b5 13. Bb2 h6 14. Nge4 Nxe4 15. Nxe4 Bf5 16. Qd2 Qd7 17. Rac1 b4 18. f4 Rfe8 19. Rce1 a5 20. Nf2 Be6 21. fxe5 dxe5 22. Ne4 Qe7 23. Nf6+ Bxf6 24. Bxc6 Red8 25. e4 Bg7 26. Bd5 Rb6 27. Qe2 a4 28. Bc1 Ra6 29. Be3 axb3 30. axb3 Bxd5 31. cxd5 Rda8 32. Qc2 Bf8 33. Rf2 Kg7 34. Ref1 f6 35. Kg2 h5 36. Qc4 Ra2 37. Rxa2 Rxa2+ 38. Rf2 Ra3 39. h4 Qd6 40. Rc2 Qe7 41. Qb5 Rxb3 42. Bxc5 Qf7 43. Bxf8+ Qxf8 44. Rc7+ Kh6 45. Qd7 Qg8 46. Qe7 Rxd3 47. Qxf6 1-0

[Event "SuperUnited Blitz Croatia"]
[Site "Zagreb CRO"]
[Date "2023.07.08"]
[Round "6.3"]
[White "Dommaraju Gukesh"]
[Black "Constantin Lupulescu"]
[Result "1-0"]
[EventDate "2023.07.08"]
[WhiteElo "2744"]
[BlackElo "2584"]
[PlyCount "58"]

1. d4 d5 2. Bf4 Nf6 3. e3 e6 4. Nf3 Bd6 5. Nbd2 O-O 6. Bd3 b6 7. Qe2 Bb7 8. Ne5 c5 9. c3 Qc7 10. O-O Nc6 11. Ndf3 h6 12. Rad1 Nd7 13. Nxd7 Qxd7 14. Ne5 Qc7 15. Qh5 f5 16. Ng6 Rf6 17. Bxd6 Qxd6 18. f4 Qc7 19. Ne5 Nxe5 20. fxe5 Rff8 21. g4 Bc8 22. Rf3 Qf7 23. Qh4 Bd7 24. Kh1 Rae8 25. Rg1 Qe7 26. Qh5 fxg4 27. Rfg3 Qg5 28. Rxg4 Qxh5 29. Rxg7+ 1-0

[Event "SuperUnited Blitz Croatia"]
[Site "Zagreb CRO"]
[Date "2023.07.08"]
[Round "7.1"]
[White "Jan-Krzysztof Duda"]
[Black "Dommaraju Gukesh"]
[Result "0-1"]
[EventDate "2023.07.08"]
[WhiteElo "2732"]
[BlackElo "2744"]
[PlyCount "122"]

1. d4 Nf6 2. c4 e6 3. Nf3 d5 4. g3 Bb4+ 5. Bd2 Be7 6. Bg2 O-O 7. O-O c6 8. Qc2 Nbd7 9. Rd1 a5 10. Bf4 h6 11. Nbd2 Nh5 12. e3 g5 13. Be5 f6 14. g4 fxe5 15. gxh5 e4 16. Ne1 Qe8 17. f3 exf3 18. Bxf3 Nf6 19. Nd3 Bd6 20. Ne5 Bxe5 21. dxe5 Nd7 22. Qc3 Qf7 23. Bg4 Qe7 24. Rf1 Re8 25. Kh1 b6 26. h4 Qb4 27. Qc2 Nxe5 28. Rf6 Qe7 29. Raf1 Qg7 30. hxg5 Qxg5 31. Bh3 Qxh5 32. Rg1+ Kh8 33. Kh2 Ra7 34. Qc3 Rg7 35. Rxg7 Kxg7 36. Rf4 Kh7 37. Qc2+ Qg6 38. Qd1 Rg8 39. Qf1 Qg3+ 40. Kh1 Qxe3 41. Rf2 Bd7 42. Nf3 Nxf3 43. Rxf3 Rg1+ 44. Qxg1 Qxf3+ 45. Kh2 Qf4+ 46. Kh1 Be8 47. Qxb6 Qe4+ 48. Kg1 Qe5 49. Qa7+ Kg6 50. Qxa5 Qe3+ 51. Kg2 Bf7 52. a4 Qe2+ 53. Kg1 Qxc4 54. Bf1 Qd4+ 55. Kg2 Qxb2+ 56. Kg1 Qd4+ 57. Kg2 Kg7 58. Qa8 Bg6 59. Qxc6 Be4+ 60. Kg3 Qe3+ 61. Kh4 0-1

[Event "SuperUnited Blitz Croatia"]
[Site "Zagreb CRO"]
[Date "2023.07.08"]
[Round "8.3"]
[White "Dommaraju Gukesh"]
[Black "Ivan Saric"]
[Result "0-1"]
[EventDate "2023.07.08"]
[WhiteElo "2744"]
[BlackElo "2657"]
[PlyCount "68"]

1. e4 c5 2. Nf3 d6 3. d4 cxd4 4. Nxd4 Nf6 5. Nc3 Nc6 6. Bg5 Bd7 7. Qd2 Rc8 8. O-O-O Nxd4 9. Qxd4 Qa5 10. f4 h6 11. Bxf6 gxf6 12. Kb1 Qc5 13. Qd2 f5 14. Bd3 Bg7 15. Ne2 fxe4 16. Bxe4 O-O 17. c3 b5 18. Rhf1 Bg4 19. Rc1 a5 20. Nd4 b4 21. f5 bxc3 22. bxc3 Qe5 23. Rf4 h5 24. Re1 Rxc3 25. f6 Rb8+ 26. Ka1 Bxf6 27. Bh7+ Kxh7 28. Rxe5 dxe5 29. Rxf6 exf6 30. Qxc3 exd4 31. Qxd4 Bf5 32. a3 Kg7 33. Qd5 Rb1+ 34. Ka2 Be6 0-1